000 00365nam a2200145 4500
001 126204
003 ES-MaACL
005 20230906192756.0
007 t|
008 070214s1969 sp r ||||1| spa d
245 0 4 _aLas religiosas y las familias.
260 _aBilbao :
_bMensajero,
_c1969.
300 _a175 p. ;
_c20 cm.
852 _aES-MaACL
_jC-50378
_bR.70470
999 _c126204
_d126204